Normal view
MARC view
- الزلمي،مصطفى ابراهيم ، علي أحمد صالح المهداوي
Entry Personal Name
001 - CONTROL NUMBER
- control field: 15354
003 - CONTROL NUMBER IDENTIFIER
- control field: JO-AjAnu
005 - DATE AND TIME OF LATEST TRANSACTION
- control field: 20230606072741.0
008 - FIXED-LENGTH DATA ELEMENTS
- fixed length control field: 230606|| aca||aabn | a|a d
040 ## - CATALOGING SOURCE
- Original cataloging agency: JO-AjAnu
- Transcribing agency: JO-AjAnu
100 ## - HEADING--PERSONAL NAME
- Personal name: الزلمي،مصطفى ابراهيم ، علي أحمد صالح المهداوي
670 ## - SOURCE DATA FOUND
- Source citation: Work cat.: (JO-AjAnu)7884: الزلمي،مصطفى ابراهيم ، علي أحمد صالح المهداوي, author, أصول الفقه في نسيجه الجديد وتطبيقاته في التشريعات القانونية وخاصة القانون المدني الأردني رقم 43 لسنة 1976م